The God of Israel and Christian theology / (Record no. 57254)
[ view plain ]
| 000 -LEADER | |
|---|---|
| fixed length control field | 00614nam a22001697a 4500 |
| 008 - FIXED-LENGTH DATA ELEMENTS--GENERAL INFORMATION | |
| fixed length control field | 211203b ||||| |||| 00| 0 eng d |
| 020 ## - INTERNATIONAL STANDARD BOOK NUMBER | |
| International Standard Book Number | 0800628837 |
| 050 ## - LIBRARY OF CONGRESS CALL NUMBER | |
| Classification number | BT93 |
| Item number | .S35 1996 |
| 100 ## - MAIN ENTRY--PERSONAL NAME | |
| Personal name | Soulen, R. Kendall, |
| 245 ## - TITLE STATEMENT | |
| Title | The God of Israel and Christian theology / |
| Statement of responsibility, etc | R. Kendall Soulen. |
| 260 ## - PUBLICATION, DISTRIBUTION, ETC. (IMPRINT) | |
| Place of publication, distribution, etc | Minneapolis : |
| Name of publisher, distributor, etc | Fortress Press, |
| Date of publication, distribution, etc | 1996. |
| 300 ## - PHYSICAL DESCRIPTION | |
| Extent | xii, 195 p. ; |
| Dimensions | 22 cm. |
| 500 ## - GENERAL NOTE | |
| General note | Includes bibliographical references (p. 178-190) and index. |
| 650 ## - SUBJECT ADDED ENTRY--TOPICAL TERM | |
| Topical term or geographic name as entry element | Judaism (Christian theology) |
| General subdivision | History of doctrines. |
| 650 ## - SUBJECT ADDED ENTRY--TOPICAL TERM | |
| Topical term or geographic name as entry element | Christianity and other religions |
| General subdivision | Judaism. |
| 942 ## - ADDED ENTRY ELEMENTS (KOHA) | |
| Source of classification or shelving scheme | Library of Congress Classification |
| Item type | Book |
| Withdrawn status | Lost status | Source of classification or shelving scheme | Damaged status | Not for loan | Collection code | Home library | Current library | Shelving location | Date acquired | Source of acquisition | Cost, normal purchase price | Full call number | Barcode | Copy number | Price effective from | Koha item type |
|---|---|---|---|---|---|---|---|---|---|---|---|---|---|---|---|---|
| Library of Congress Classification | Non-fiction | Joshua & Timothy School of Theology Library (JTSOT) | Joshua & Timothy School of Theology Library (JTSOT) | General Circulation | 03/12/2021 | Donation-TBN | 2500.00 | BT93 .S35 1996 | 067528 | 1 | 03/12/2021 | Book |